Anuario musical
Publicado:
Barcelona :
Consejo Superior de Investigaciones Científicas. Instituto Español de Musicología ,
1955
Descripción Física:
25 v. ; 26 cm
Materias:
Música -- Revistes
MARC
| LEADER | 00000nam a2200000Ia 4500 | ||
|---|---|---|---|
| 001 | 11136, 11052, 11135, 11134, 11053, 11133, 11054, 11055, 11056, 10379, 11057, 10380, 11140, 11058, 11059, 11060, 11061, 11062, 11063, 11139, 11138, 11064, 11065, 10381, 11137 | ||
| 008 | 160829s1955 - 1980 xx 000 0 cat d | ||
| 080 | |a B-1-84, B-1-85, B-1-86, B-1-87,B-1-88, B-1-89, B-1-90, B-1-91, B-1-92, B-1-93, B-1-94, B-1-95, B-1-96, B-1-97, B-1-98, B-1-99, B-1-100, B-1-101, B-1-102, B-1-103, B-1-104, B-1-105, B-1-106, B-1-107 a B-1-108 | ||
| 245 | |a Anuario musical | ||
| 260 | |a Barcelona : |b Consejo Superior de Investigaciones Científicas. Instituto Español de Musicología, |c 1955 - 1980 | ||
| 300 | |a 25 v. ; |c 26 cm | ||
| 590 | |a El vol. VIII, 1953 'Dedicado al IV centenario de la muerte de Cristobal de Morales (1553-1953)' | ||
| 650 | |a Música |x Revistes |9 47268 | ||
| 710 | 2 | |a Consejo Superior de Investigaciones Científicas (CSIC) (Espanya) |9 53988 | |
| 710 | 2 | |a Instituto Español de Musicología |9 54314 | |
| 866 | |a Vol. I, 1946; II, 1947; III, 1948; IV, 1949; V, 1950; VI, 1951; VII, 1952; VIII, 1953; IX, 1954; X, 1955; XII, 1957; XIII, 1958; XV, 1960; XVII, 1962; XVIII, 1963-1965; XIX, 1964-1966; XXI, 1966-1968; XXII, 1967-1969; XXIII, 1968-1970; XXV, 1970-1971; XXVI, 1971-1972; XXVII, 1972-1973; XXX. 1975-1977; XXXI-XXXII, 1976-1977; XXXIII-XXXV, 1978-1980 | ||
| 901 | |a Arxiu | ||
| 942 | |n 1 | ||
| 952 | |0 0 |1 0 |4 0 |6 B184_B185_B186_B187B188_B189_B190_B191_B192_B193_B194_B195_B196_B197_B198_B199_B1100_B1101_B1102_B1103_B1104_B1105_B1106_B1107_A_B1108 |7 1 |9 47923 |a Arxiu |b Arxiu |d 2016-12-01 |l 0 |o B-1-84, B-1-85, B-1-86, B-1-87,B-1-88, B-1-89, B-1-90, B-1-91, B-1-92, B-1-93, B-1-94, B-1-95, B-1-96, B-1-97, B-1-98, B-1-99, B-1-100, B-1-101, B-1-102, B-1-103, B-1-104, B-1-105, B-1-106, B-1-107 a B-1-108 |p 11136, 11052, 11135, |r 2016-12-01 00:00:00 |w 2016-12-01 |y ARXIU | ||
| 999 | |c 51723 |d 51723 | ||